000 00468nam a2200181Ia 4500
003 GCL
008 140319s9999 xx 000 0 eng d
040 _aGCL /
_cGCL
082 0 4 _a751.4
_bK P
100 1 _aKATCHEN, CAROLE
245 1 0 _aPAINTING WITH PASSION:HOW TO PAINT WHAT YOU FEEL /
_cKATCHEN, CAROLE
260 _a[S.N] :
_bNORTH LIGHT BOOKS ،
_c1994
300 _a136 PP
650 0 4 _aARTS
650 0 4 _aPAINTING
650 0 4 _aPAINTERS
942 _2ddc
_cBK
999 _c18920
_d18920